00439nam a22001697a 4500003000400000008004100004020001800045082001500063100002100078245004200099250000800141260003100149300001000180650003700190700002300227700001900250OSt250204b |||||||| |||| 00| 0 eng d a9789354512650 a615.19 TIT aTiwari, Abhishek aText Book of Pharmaceutical Chemistry a5th aN.DelhibNirali Pub.c2024 a13.12 aPharmaceutical Organic Chemistry aSahoo, Biswa Mohan aShukla, Rajesh